|
|
|
|
| LEADER |
00000naa2a2200000 4500 |
| 001 |
250378 |
| 005 |
20240213124704.0 |
| 035 |
|
|
|a (RuTPU)RU\TPU\book\272567
|
| 035 |
|
|
|a RU\TPU\tpu\12642
|
| 090 |
|
|
|a 250378
|
| 100 |
|
|
|a 20140212d1989 k y0rusy50 ca
|
| 101 |
0 |
|
|a rus
|
| 102 |
|
|
|a RU
|
| 200 |
1 |
|
|a Изучение электрохимического поведения ВТСП на системы Y-Ва-Сu-O с различными сверхпроводящими свойствами методом вольтамперометрии твердых фаз
|f Н. М. Дубова, Г. Б. Слепченко, Н. М. Свищенко
|
| 463 |
|
0 |
|0 (RuTPU)RU\TPU\book\270153
|t Электрохимические методы анализа
|o тезисы III Всесоюзной конференции по электрохимическим методам анализа
|v C. 82-83
|d 1989
|p 482 с.
|
| 610 |
1 |
|
|a электрохимическое поведение
|
| 610 |
1 |
|
|a сверхпроводящие свойства
|
| 610 |
1 |
|
|a вольтамперометрические методы
|
| 610 |
1 |
|
|a твердые фазы
|
| 610 |
1 |
|
|a труды учёных ТПУ
|
| 700 |
|
1 |
|a Дубова
|b Н. М.
|c российский химик
|c доцент Томского политехнического университета, кандидат химических наук
|f 1952-
|g Надежда Михайловна
|3 (RuTPU)RU\TPU\pers\25611
|
| 701 |
|
1 |
|a Слепченко
|b Г. Б.
|c химик
|c профессор Томского политехнического университета, доктор химических наук
|f 1956-
|g Галина Борисовна
|3 (RuTPU)RU\TPU\pers\25643
|9 11554
|
| 701 |
|
1 |
|a Свищенко
|b Н. М.
|
| 801 |
|
1 |
|a RU
|b 63413507
|c 20050721
|g PSBO
|
| 801 |
|
2 |
|a RU
|b 63413507
|c 20170522
|g PSBO
|
| 942 |
|
|
|c BK
|